00331nam a2200109 4500082001500000100003000015245009300045250001100138260002800149300000900177650003500186 a660.28 MOD aModern chemical processes aModern chemical progresses:a series of articles describing chemical manufacturing plants aVol.iv aTokyobkinokuniyac1956 a202p achemical,cemical manufacturing